The economic effects of regional shopping centres (Record no. 78972)
[ view plain ]
| 000 -LEADER | |
|---|---|
| fixed length control field | 01123cab a22002055a 4500 |
| 001 - CONTROL NUMBER | |
| control field | L138723 |
| 008 - FIXED-LENGTH DATA ELEMENTS--GENERAL INFORMATION | |
| fixed length control field | 070705s2007 xxkdo f 000 0 eng d |
| 035 ## - SYSTEM CONTROL NUMBER | |
| System control number | (Sirsi) u138723 |
| 041 0# - LANGUAGE CODE | |
| Language code of text/sound track or separate title | eng |
| 100 1# - MAIN ENTRY--PERSONAL NAME | |
| Personal name | Robertson, John |
| 245 04 - TITLE STATEMENT | |
| Title | The economic effects of regional shopping centres |
| 260 ## - PUBLICATION, DISTRIBUTION, ETC. | |
| Date of publication, distribution, etc. | 2007 |
| 490 ## - SERIES STATEMENT | |
| Series statement | Journal of Retail and Leisure Property |
| Volume/sequential designation | 6(2) April 2007, 149-170(22) |
| 520 ## - SUMMARY, ETC. | |
| Summary, etc. | Uses research studies to examine the positive and negative effects of shopping centres on local markets. The employment, labour market and expenditure benefits to local and regional economies are assessed. The attraction of new investment to areas is considered. Links with tourism and regeneration are also examined. Considers the likely effects of government planning policy on the future of Regional Shopping Centres. They may become focal points for sustainable communities. |
| 590 ## - LOCAL NOTE (RLIN) | |
| Local note | KA |
| 651 #4 - SUBJECT ADDED ENTRY--GEOGRAPHIC NAME | |
| Geographic name | United Kingdom |
| Chronological subdivision | |
| 690 ## - LOCAL SUBJECT ADDED ENTRY--TOPICAL TERM (OCLC, RLIN) | |
| Topical term or geographic name as entry element | PROPERTY-COMMERCIAL PROPERTY-RETAIL PROPERTY-OUT OF TOWN RETAIL PROPERTY-OUT OF TOWN SHOPPING CENTRE, MALL AND ARCADE PROPERTY |
| 700 1# - ADDED ENTRY--PERSONAL NAME | |
| Personal name | Fennell, James |
| 942 ## - ADDED ENTRY ELEMENTS (KOHA) | |
| Suppress in OPAC | 0 |
| Withdrawn status | Lost status | Source of classification or shelving scheme | Damaged status | Not for loan | Home library | Current library | Shelving location | Date acquired | Total Checkouts | Full call number | Barcode | Date last seen | Copy number | Price effective from | Koha item type |
|---|---|---|---|---|---|---|---|---|---|---|---|---|---|---|---|
| Dewey Decimal Classification | London | London | Journal article | 05/07/2007 | L138723 | 138723-1001 | 06/08/2019 | 1 | 06/08/2019 | Journal article |